Sole mates : (Record no. 5691)

000 -LEADER
fixed length control field 00794nam a2200193 4500
003 - CONTROL NUMBER IDENTIFIER
control field OSt
005 - DATE AND TIME OF LATEST TRANSACTION
control field 20220609074353.0
008 - FIXED-LENGTH DATA ELEMENTS--GENERAL INFORMATION
fixed length control field 220609b ||||| |||| 00| 0 eng d
020 ## - INTERNATIONAL STANDARD BOOK NUMBER
International Standard Book Number 0972678301
040 ## - CATALOGING SOURCE
Transcribing agency ALUPE UNIVERSITY
050 ## - LIBRARY OF CONGRESS CALL NUMBER
Classification number GV199.4
Item number .S38 2003
100 ## - MAIN ENTRY--PERSONAL NAME
Personal name Schultz, Jerry
245 ## - TITLE STATEMENT
Title Sole mates :
Remainder of title The true story of one couple's walk across America
Statement of responsibility, etc. By Jerry and Cindy Schultz
260 ## - PUBLICATION, DISTRIBUTION, ETC.
Place of publication, distribution, etc. Olympia, Washington : .
Name of publisher, distributor, etc. Shiny Penny Press,
Date of publication, distribution, etc. c2003
300 ## - PHYSICAL DESCRIPTION
Extent vi, 316p.
Other physical details 1 online resource, ills,maps
Dimensions 22cm
650 ## - SUBJECT ADDED ENTRY--TOPICAL TERM
Topical term or geographic name entry element Schultz, Jerry -- Travel -- United States. Schultz, Cindy -- Travel -- United States. Walking -- United States. United States -- Description and travel. États-Unis -- Descriptions et voyages. Travel.
700 ## - ADDED ENTRY--PERSONAL NAME
Personal name Schultz, Cindy
942 ## - ADDED ENTRY ELEMENTS (KOHA)
Source of classification or shelving scheme
Koha item type Book
Suppress in OPAC AB
Holdings
Withdrawn status Lost status Source of classification or shelving scheme Damaged status Not for loan Permanent Location Current Location Shelving location Date acquired Source of acquisition Total Checkouts Full call number Barcode Date last seen Price effective from Koha item type Public note
          AU LIBRARY AU LIBRARY Open Shelf 09.06.2022 DONATION FROM MOI UNIVERSITY   GV199 .S38 2003 28002778 09.06.2022 09.06.2022 Book AB

Powered by Koha